000 00277nam a2200121Ia 4500
008 190216s9999||||xx |||||||||||||| ||und||
100 _aGupta S K
245 0 _aManual Of Botany Practical
260 _bKedernath Ramnath
_c1978
300 _a73p
650 _aBotany
942 _cBK
999 _c1313
_d1313